Statistiques concernant Les vainqueurs de la Coupe d'Europe de Handball

Cliquez ici pour prendre le quiz!

Statistiques générales

  • Ce quiz a été pris 164 fois
  • Le résultat moyen est 12 sur 13

Statistiques - réponses

AnnéePays% Correct
2010France
100%
2006France
100%
2014France
100%
2018Espagne
97%
2008Danemark
95%
2012Danemark
95%
2004Allemagne
94%
2016Allemagne
94%
1994Suède
94%
1998Suède
94%
2000Suède
94%
2002Suède
94%
1996Russie
80%

Distribution des résultats

Percentile par nombre de réponses

% des personnes avec chaque résultat

Votre développement - résultats

Vous n’avez pas pris ce quiz